[Event "FRA-ch op-B"]
[Site "Nancy"]
[Date "2013.08.13"]
[Round "2"]
[White "Pantin, Kevin"]
[Black "Ronce, Nathan"]
[Result "0-1"]
[WhiteElo "1860"]
[BlackElo "1943"]
[PlyCount "82"]
[EventDate "2013.08.11"]
[EventType "swiss"]
[EventRounds "11"]
[EventCountry "FRA"]
[SourceTitle "CBM 156 Extra"]
[Source "ChessBase"]
[SourceDate "2013.10.22"]
[SourceVersion "1"]
[SourceVersionDate "2013.10.22"]
[SourceQuality "1"]

1. d4 Nf6 2. c4 g6 3. Nc3 d5 4. cxd5 Nxd5 5. e4 Nxc3 6. bxc3 Bg7 7. Rb1 0-0 8. Nf3 c5 9. Be2 cxd4 10. cxd4 Qa5+ 11. Bd2 Qxa2 12. Qc1 Qe6 13. e5 Qc6 14. Qd1 b6 15. 0-0 Be6 16. Bb5 Qb7 17. Ng5 Bd5 18. Qg4 h6 19. Nh3 Be4 20. Rbc1 Bf5 21. Qh4 Qe4 22. Qxe4 Bxe4 23. Rc7 a6 24. Bc4 b5 25. Ba2 e6 26. Rfc1 Rd8 27. Be3 Nd7 28. Nf4 Nb6 29. Bxe6 fxe6 30. Nxe6 Rd7 31. Rxd7 Nxd7 32. Rc7 Bf5 33. Nxg7 Kxg7 34. d5 Kg8 35. e6 Nf6 36. Bd4 Nxd5 37. Rg7+ Kf8 38. Rh7 Bxe6 39. Rh8+ Bg8 40. Rxh6 Ne7 41. Bc5 Rc8 0-1

[Event "Rennes op 6th"]
[Site "Rennes"]
[Date "2013.07.07"]
[Round "2"]
[White "Kukov, Velislav"]
[Black "Pantin, Kevin"]
[Result "1-0"]
[WhiteElo "2370"]
[BlackElo "1861"]
[PlyCount "53"]
[EventDate "2013.07.06"]
[EventType "swiss"]
[EventRounds "9"]
[EventCountry "FRA"]
[SourceTitle "CBM 155 Extra"]
[Source "ChessBase"]
[SourceDate "2013.08.26"]
[SourceVersion "1"]
[SourceVersionDate "2013.08.26"]
[SourceQuality "1"]

1. Nf3 e6 2. d4 d5 3. c4 c5 4. cxd5 exd5 5. Nc3 Nc6 6. e3 Nf6 7. Be2 b6 8. Bb5 Bd7 9. dxc5 bxc5 10. 0-0 Ne7 11. Qa4 a6 12. Bxd7+ Qxd7 13. Rd1 Qxa4 14. Nxa4 Nc6 15. b3 c4 16. bxc4 dxc4 17. Nb6 Rb8 18. Nxc4 Be7 19. Nd6+ Bxd6 20. Rxd6 Nb4 21. Bd2 a5 22. Nd4 Ke7 23. Bxb4 axb4 24. Ra6 Ra8 25. Nc6+ Kd6 26. Rxa8 Rxa8 27. Nxb4 1-0